Регионална библиотека "Любен Каравелов" - Русе

Безследно изчезнал (Запис номер 13139)

MARC детайли
000 -Лидер
Контролно поле с фиксирана дължина 01394nam a2200349 c 4500
003 - Код на организацията, давaща контролен номер
Контролно поле BLK
005 - Дата и час на последна редакция
Контролно поле 20250728084708.0
008 - Елементи от данни с фиксирана дължина
fixed length control field 180412b bul|||||r ||||||| ||bul||
010 ## - Наследен системен номер
LC control number KNG00014767000
020 ## - Международен стандартен номер на книга ISBN
Международен стандартен номер на книга ISBN 954-706-014-7
-- издат.: Коломбина
040 ## - Източник на каталожния запис
Идентификатор на билиотеката - собственик на записа BLK
041 ## - Код за език
Код за езика на текст/звукозапис или на отделно заглавие Български
Код за езика КДБФ Български
080 ## - УДК
Текстов определител УДК Американска литература (на САЩ)
УДК код - определител по УДК 821.111(73)
УДК определител -31
УДК - код + определител 821.111(73)-31
100 ## - Редна дума - Автор
Автор Браун, Сандра
Дати, свързани с автора 1948-
Автор - информация (биография) Американска писателка
Авторска отговорност първи автор
R(LIN) 241650
139 ## - Редно поле
Редна дума Браун, Сандра
Авторски знак Брат - Б 78
245 10 - Сведения за заглавието
Заглавие Безследно изчезнал
Подзаглавни данни Роман
Редно поле (дума) Сандра Браун; прев. от англ. Незабравка Светозарова.
257 ## - Страна на издаване
Страна на създаване/издаване Съединени американски щати
260 ## - Област на издателските данни
-- София
Име на издателя, разпространителя и проч. Коломбина
Година на издаване 1996
300 ## - Физическа характеристика
Страници 222 с.
Размери/Мащаб 20 см
380 ## - Жанр
Жанр Худож. лит.
490 1# - СЕРИИ (Колекции)
Име на серия Harlequin
490 1# - СЕРИИ (Колекции)
-- Подсерия
Име на серия Бестселър
№: серия 12
500 ## - Общи забележки
Забележка Ориг. загл. Tomorrow's Promise / Sandra Brown. - 11 000 тир.
653 ## - Ключова дума – ненормативна
Ключова дума романи
700 1# - Други автори (авторска отговорност)
Лично име Светозарова, Незабравка
Автороска отговорност (Описва отношението между автора и произведението) прев. от англ.
9 (RLIN) 249763
852 ## - Местоположение
Форматна сигнатура Цб 189707
856 4# - Електронен адрес и достъп
Електронен формат pdf - файл
Път до файла /url/
856 4# - Електронен адрес и достъп
Електронен формат pdf - файл
Път до файла /url/
942 ## - АРТИКУЛИ
Вид на библиотечния материал Книги
Скрит в OPAC Не
Koha issues (borrowed), all copies 60
944 ## - СЪЗДАВАНЕ И РЕДАКЦИЯ на ЗАПИСА
Създаване/Редакция Създаване
Дата на регистрацията/редакция 15.01.2003
Статус, дата на статуса Цветелина Шанова
Служител, извършил регистрацията/редакцията 30531
944 ## - СЪЗДАВАНЕ И РЕДАКЦИЯ на ЗАПИСА
Създаване/Редакция Редакция
Дата на регистрацията/редакция 22.06.2016
Статус, дата на статуса ф /
Служител, извършил регистрацията/редакцията Людмила_Стоянова
999 ## - СИСТЕМНИ КОНТРОЛНИ НОМЕРА
Koha biblionumber 13139
Koha biblioitemnumber 13139
Наличности
Код за отписване Код за изгубен артикул Източник на класификационната схема Код за повреда Коз за рестрикции Код за отдаване Артикулен № Име на библиотеката - собственик Име на библиотеката, в която се намира в момента Статус (Текущо местоположение) Дата на вписване в системата Местоположение - отдел Цена в лева Инвентарен номер Систематично азбучна сигнатура Баркод Номер на екземпляра Цена в евро Служебна бележка Служебен тип на артикула
Изтеглен Не е изгубен Universal Decimal Classification Не е повреден без рестрикции заемане за дома 22582 Регионална библиотека "Любен Каравелов" Русе Регионална библиотека "Любен Каравелов" Русе Заемна - подръчен фонд 2001-01-01 Заемна - подръчен фонд 1.32 625155 П 820(73)-31/Б 78 625155 1 0.67 Дост: Pk Вид: Ф N: стар фонд Дата: 01.01.2001 Книги
  Не е изгубен Universal Decimal Classification Не е повреден без рестрикции ползва се в читалня 22583 Регионална библиотека "Любен Каравелов" Русе Регионална библиотека "Любен Каравелов" Русе Хранилище 2001-01-01 Хранилище 1.32 627621 Цб 189707 120000627621 2 0.67 Дост: Dp Вид: Д N: стар фонд Дата: 01.01.2001 Книги
Изтеглен Не е изгубен Universal Decimal Classification Не е повреден без рестрикции заемане за дома 22584 Регионална библиотека "Любен Каравелов" Русе Регионална библиотека "Любен Каравелов" Русе Заемна - подръчен фонд 2003-06-25 Заемна - подръчен фонд 2.00 120000677025 П 820(73)-31/Б 78 120000677025 3 1.02 Дост: Pk Вид: Ф N: 35 Дата: 23.06.2003 Книги
  Не е изгубен   Не е повреден без рестрикции заемане за дома 22585 Регионална библиотека "Любен Каравелов" Русе Регионална библиотека "Любен Каравелов" Русе Заемна - подръчен фонд 2016-02-25 Заемна - подръчен фонд 2.20 120000798372 П 820(73)-31/Б 78 120000798372 4 1.12 Дост: DA Вид: А N: 8 Дата: 25.02.2016 Дата инв: 26.02.2018 Бележки инв: П2018 Книги
  Не е изгубен Universal Decimal Classification Не е повреден   заемане за дома 933819 Регионална библиотека "Любен Каравелов" Русе Регионална библиотека "Любен Каравелов" Русе Заемна - подръчен фонд 2023-10-02 Заемна - подръчен фонд 6.00 120000892986 821-31/Б 78 С 120000892986   3.07   Книги
Vip Innovations Ltd, Rousse, Bulgaria 2025